| 000 | 00345cam a22001217a 4500 | ||
|---|---|---|---|
| 008 | 180718b1961 xxu||||| |||| 00| 0 eng d | ||
| 082 | _aB73x54 G646 | ||
| 100 | _aGopalkrishnayya, Vavilala | ||
| 245 |
_aReal democracy _cby Vavilala Gopalakrishnayya |
||
| 260 |
_aHyderabad _bAmarvati Press _c1961 |
||
| 300 | _a27p. | ||
| 650 | _aVilliage panchayats | ||
| 999 |
_c479546 _d479546 |
||